|
|
|
|
| LEADER |
01239aam a22003018a 4500 |
| 001 |
00035638 |
| 005 |
20190710140721.0 |
| 008 |
161215s2014 ||||||Viesd |
| 041 |
0 |
# |
|a Vie
|
| 082 |
1 |
# |
|a 025.3
|b K600N
|
| 100 |
0 |
# |
|a Phạm, Thị Minh Tâm
|
| 245 |
1 |
0 |
|a Kỹ Năng biên mục mô tả MARC 21 - AACR2 - ISBD
|c Phạm Thị Minh Tâm; Hiệu đính: Nguyễn Thị Thanh Vân
|
| 260 |
# |
# |
|a Hà Nội
|b Văn Hóa thông tin
|c 2014
|
| 300 |
# |
# |
|a 416tr
|c 21cm.
|b Minh họa
|
| 500 |
# |
# |
|a Đầu trang nhan đề ghi:Bộ Văn hóa, Thể thao và Du lịch
|
| 504 |
# |
# |
|a Tài liệu tham khảo: cuối chính văn
|
| 650 |
# |
4 |
|a Biên mục mô tả
|x Kỹ năng
|
| 650 |
# |
4 |
|z Kỹ năng
|
| 653 |
# |
# |
|a Tồ chức
|
| 653 |
# |
# |
|a Kỹ năng
|
| 700 |
1 |
# |
|a Nguyễn Thị Thanh Mai
|e Tổng chủ biên
|
| 700 |
1 |
# |
|a Nguyễn Thị Kim Loan
|e Đồng chủ biên
|
| 700 |
1 |
# |
|e Hiệu đính
|a Nguyễn Thị Thanh Vân
|
| 710 |
2 |
# |
|a Bộ Văn hóa, Thể thao và Du lịch
|
| 852 |
# |
# |
|b Kho đọc
|j KD.0019195
|
| 852 |
# |
# |
|j KD.0019195
|j KM.0028437
|
| 910 |
# |
# |
|d 15/12/2016
|
| 980 |
# |
# |
|a Trung tâm Học liệu Lê Vũ Hùng, Trường Đại học Đồng Tháp
|